00201nam a2200085Ia 450000100070000000500170000700800410002424500250006526000250009068160120250826161403.0250824s9999 xx 000 0 und d 0aHEIDIcJOHANNA SPYRI bKARATAY GENÇLİK